000
00301nam a2200121 4500
999
_c
10927
_d
10927
003
OSt
005
20221031164055.0
008
221031b ||||| |||| 00| 0 eng d
100
_a
City planning
245
_a
National building code of India 1983
260
_b
Bureau of Indian standards
942
_2
ddc